000
00310nam a2200133Ia 4500
005
20260328104334.0
008
260328s9999||||xx |||||||||||||| ||und||
100
_a
Cobbers, Arnt
245
0
_a
PreFab Houses /
_c
Arnt Cobbers
260
_b
Taschen
300
_a
386 p.
650
_a
CASAS DE CAMPO
942
_c
BK
999
_c
11808
_d
11808